<?xml version="1.0" encoding="UTF-8"?><marc:collection xmlns:marc="http://www.loc.gov/MARC21/slim">
  <marc:record>
    <marc:leader>00000nas##2200000za#4500</marc:leader>
    <marc:controlfield tag="001">9.500853</marc:controlfield>
    <marc:controlfield tag="003">CaOODSP</marc:controlfield>
    <marc:controlfield tag="005">20250403104649</marc:controlfield>
    <marc:controlfield tag="007">cr |||||||||||</marc:controlfield>
    <marc:controlfield tag="008">150406c1999||||xxc|| m o||||f|   |0fre|d</marc:controlfield>
    <marc:datafield tag="022" ind1=" " ind2=" ">
      <marc:subfield code="a">1706-8975</marc:subfield>
    </marc:datafield>
    <marc:datafield tag="040" ind1=" " ind2=" ">
      <marc:subfield code="a">CaOODSP</marc:subfield>
      <marc:subfield code="b">fre</marc:subfield>
    </marc:datafield>
    <marc:datafield tag="043" ind1=" " ind2=" ">
      <marc:subfield code="a">n-cn---</marc:subfield>
    </marc:datafield>
    <marc:datafield tag="086" ind1="1" ind2=" ">
      <marc:subfield code="a">CS88-0006F-pdf</marc:subfield>
    </marc:datafield>
    <marc:datafield tag="245" ind1="0" ind2="0">
      <marc:subfield code="a">Documents de travail - Division des sciences, de l'innovation et de l'information électronique </marc:subfield>
      <marc:subfield code="h">[ressource électronique]</marc:subfield>
    </marc:datafield>
    <marc:datafield tag="260" ind1=" " ind2=" ">
      <marc:subfield code="a">Ottawa - Ontario : </marc:subfield>
      <marc:subfield code="b">Statistique Canada </marc:subfield>
      <marc:subfield code="c">[1997]--2008.</marc:subfield>
    </marc:datafield>
    <marc:datafield tag="310" ind1=" " ind2=" ">
      <marc:subfield code="a">Irrégulier</marc:subfield>
    </marc:datafield>
    <marc:datafield tag="362" ind1="1" ind2=" ">
      <marc:subfield code="a">[N° 97-003]--N° 3, December 2008</marc:subfield>
    </marc:datafield>
    <marc:datafield tag="500" ind1=" " ind2=" ">
      <marc:subfield code="a">Suivi de: Division des enquêtes-entreprises spéciales et de la statistique de la technologie - documents de travail (ISSN 1921-3018).</marc:subfield>
    </marc:datafield>
    <marc:datafield tag="520" ind1="3" ind2=" ">
      <marc:subfield code="a">Statistique Canada est engagé dans un Projet de système d'information sur la science et la technologie qui a pour but de développer des indicateurs d'activité utiles réunis dans un cadre conceptuel permettant de dresser un portrait cohérent de la science et de la technologie au Canada. La série des documents de travail sert à publier les résultats des différentes initiatives conduites dans le cadre de ce Projet. Les données produites ont trait aux activités, interrelations et résultats de la S-T. Plusieurs grands thèmes sont couverts parmi lesquels on retrouve l'innovation, la diffusion des technologies, les ressources humaines en S-T et les interrelations entre les différents acteurs qui œuvrent en S-T. Propose aussi d'importantes tabulations de données tirées des enquêtes régulières sur la R-D et S-T et rendues possibles du fait de l'existence du Projet.</marc:subfield>
    </marc:datafield>
    <marc:datafield tag="710" ind1="2" ind2=" ">
      <marc:subfield code="a">Statistique Canada.</marc:subfield>
    </marc:datafield>
    <marc:datafield tag="775" ind1="0" ind2="8">
      <marc:subfield code="t">Working papers - Science, Innovation and Electronic Information Division </marc:subfield>
      <marc:subfield code="w">(CaOODSP)9.504432</marc:subfield>
    </marc:datafield>
    <marc:datafield tag="785" ind1="0" ind2="0">
      <marc:subfield code="t">Working papers, Science, Innovation and Electronic Information Division / </marc:subfield>
      <marc:subfield code="w">(CaOODSP)9.500119</marc:subfield>
    </marc:datafield>
  </marc:record>
</marc:collection>
